| 000 | 00000nam 2200000za 4500 |
| 001 | 9.856185 |
| 003 | CaOODSP |
| 005 | 20221107155501 |
| 007 | cr ||||||||||| |
| 008 | 180504s2008 onca |o f000 0 fre d |
| 040 | |aCaOODSP|bfre |
| 043 | |an-cn--- |
| 086 | 1 |aM144-284/2008F-PDF |
| 245 | 00|aLogiciel EE4 version 1.7 |h[ressource électronique] : |bguide de modélisation. |
| 246 | 30|aGuide de modélisation |
| 260 | |a[Ottawa] : |bRessources naturelles Canada, |cc2008. |
| 300 | |a1 v. (pagination multiple) : |bill. (certaines en coul.) |
| 500 | |aPubl. aussi en anglais sous le titre : EE4 software version 1.7 : modelling guide. |
| 500 | |a« Février 2008. » |
| 504 | |aComprend des références bibliographiques. |
| 520 | |a« Le présent manuel énonce les procédures recommandées de modélisation de bâtiments et comporte trois grandes parties : règles concernant la division des bâtiments en espaces, en blocs et en zones thermiques; sources d’information concernant la performance des composants de l’enveloppe et des systèmes de bâtiment; lignes directrices concernant la modélisation de systèmes de CVCA simples et complexes »--Objet du présent manuel, p. 1-3. |
| 692 | 07|2gccst|aLogiciel |
| 692 | 07|2gccst|aRendement énergétique |
| 692 | 07|2gccst|aConservation de l'énergie |
| 692 | 07|2gccst|aBâtiment |
| 710 | 1 |aCanada. |bRessources naturelles Canada. |
| 710 | 1 |aCanada. |bOffice de l'efficacité énergétique. |
| 775 | 08|tEE4 software version 1.7 |w(CaOODSP)9.846296 |
| 856 | 40|qPDF|s2.09 Mo|uhttps://publications.gc.ca/collections/collection_2018/rncan-nrcan/M144-284-2008-fra.pdf |